[Event "Wloclawek CC Classic 20th"]
[Site "Wloclawek"]
[Date "2018.??.??"]
[Round "2"]
[White "Lapinski, Jerzy"]
[Black "Szarfemberg, Marcin"]
[Result "1-0"]
[WhiteElo "1298"]
[BlackElo "1200"]
[PlyCount "63"]
[EventDate "2018.04.??"]
[EventType "swiss"]
[EventRounds "7"]
[EventCountry "POL"]
[SourceTitle "EXT 2021"]
[Source "ChessBase"]
[SourceDate "2020.10.23"]
[SourceVersion "1"]
[SourceVersionDate "2020.10.23"]
[SourceQuality "1"]

1. d4 d5 2. c4 dxc4 3. Nc3 Nc6 4. e3 Nf6 5. Bxc4 e5 6. d5 Nb4 7. e4 c6 8. a3 cxd5 9. Bb5+ Nc6 10. exd5 a6 11. Qa4 Bf5 12. Bxc6+ bxc6 13. Qxc6+ Bd7 14. Qc4 Qc8 15. Qe2 Qb7 16. Qxe5+ Kd8 17. Nge2 Bc5 18. 0-0 Re8 19. Qg5 h6 20. Qh4 g5 21. Qxh6 Nxd5 22. Qxg5+ f6 23. Qxd5 Qxd5 24. Nxd5 Rxe2 25. Nxf6 Be6 26. Bg5 Kc7 27. Rac1 Kc6 28. b4 Re5 29. Be3 Rf8 30. Bd4 Rxf6 31. Bxe5 Rf5 32. Rxc5+ 1-0